000 00574nam a2200217Ia 4500
003 OSt
005 20220926044757.0
006 a|||||r|||| 00| 0
007 ta
008 220923b |||||||| |||| 00| 0 eng d
037 _cGeneral Book
040 _aRTL
_cRTL
_beng
041 _2eng
_aeng
082 _aV41:19440bC295.N6, K5
100 _aHalperin Morton H
_930950
245 0 _aChina and the bomb
260 _c1965
650 _aChina History
942 _hV41:19440bC295.N6, K5
_cGB
_2CC
999 _c675827
_d675827